01127nam a2200265 a 4500001000200000003000900002005001700011008003200028020001800060040002400078082002900102100002100131240011900152245017000271250001300441260003700454300003600491490001500527504005500542504003200597650006800629650005700697700003300754710007400787 DO-SdBNP20210719101327.0140320s2017 dr a 001 0 spa d a9789945590647 aBPMSU bspacBPMSU  a282.7293bB562i 20172221 aBetances, Emelio10aThe catholic church and power politics in Latin America : the dominican case in comparative perspectivelespañol13aLa iglesia católica y la política del poder en América Latina :bel caso dominicano en perspectiva comparada /cEmilio Betances ; prólogo José Luis Sáez. a2a. ed.  aSanto Domingo :bFUNGLODE,c2017 a427 p. :bil., tabls. ;c24 cm.0 aDemocracia aIncluye bibligrafía y notas al pie de páginas. aBibliografía: p. 385-406. 4aIglesia católicazRepública DominicanaxHistoriaySiglo XX  4aIglesia y Estado en República DominicanaxSiglo xx1 aSáez, José Luisepról.2 aFundación Global Democracía y Desarrollo (República Dominicana)